000 02009nam a2200349 a 4500
001 42181
003 BD-RjUL
005 20211209053514.0
008 160611s1981 njua b 101 0 eng d
020 _a0131327046
020 _a0131326961 (pbk.)
035 _a(BD-RjUL)42299
040 _aBD-RjUL
_beng
_cBD-RjUL
_dBD-RjUL
041 _aeng
082 _a327.51
_223
_bCHI 1981
245 0 4 _aThe China factor :
_bSino-American relations and the global scene
260 _aEnglewood Cliffs, N.J :
_bPrentice-Hall,
_cc1981
300 _aviii, 323 p. :
_bill. ;
_c21 cm.
500 _aAt head of title: The American Assembly, Columbia University and Council on Foreign Relations Inc
500 _a"Richard H. Solomon was ... director and editor of this undertaking."--P. vii
500 _a"A Spectrum book."
500 _aIncludes index
504 _aBibliography: p. 315-316
505 0 _aThe China factor in America's foreign relations : perceptions and policy choices / Richard H. Solomon -- The dynamics of the Sino-American relationship / Michel Oksenberg -- The strategic dimension of the Sino-American relationship : enemy of our enemy, or true friend? / Strobe Talbott -- The international consequences of China's economic development / Dwight H. Perkins -- The Sino-Soviet conflict : dilemmas of the strategic triangle / William G. Hyland -- China and Europe : "weak and far away" / William E. Griffith -- China and northeast Asia / Robert A. Scalapino -- The China factor in southeast Asia / Lucian W. Pye -- China and the third world : from revolution to containment / Harry Harding -- Appendixes : ke
651 0 _aChina
_xForeign relations
_y1976-
_vCongresses
_9129723
651 0 _aChina
_xForeign relations
_zUnited States
_xCongresses
_9129724
651 0 _aUnited States
_xForeign relations
_zChina
_xCongresses
_9129725
700 1 _aSolomon, Richard H.,
_d1937-
_9129726
710 2 _aAmerican Assembly.
_9129727
710 2 _aCouncil on Foreign Relations.
_9129728
942 _2ddc
_cBK
999 _c42181
_d42181